Bundesland in Bildern - Hamburg - Statistiken

Allgemein
  • Dieses Quiz wurde 62 mal gespielt
  • Das Durchschnittsergebnis liegt bei 11 aus 16
Antwortstatistiken
Bildquiz Antwort % Korrekt
Elbphilharmonie
96%
St. Pauli
92%
Hamburger SV
90%
Speicherstadt
88%
Alter Elbtunnel
83%
Hamburger Rathaus
77%
Franzbrötchen
73%
St. Michaelis
73%
Landungsbrücken
63%
Millerntor-Stadion
63%
Jungfernstieg und Binnenalster
60%
Blankenese-Süllberg
58%
Labskaus
52%
Köhlbrandbrücke
48%
Neuwerk
48%
Hamburger Hafen
35%
Keine übereinstimmenden Quizze gefunden
Verteilung der Resultate
Anzahl Personen mit jedem Resultat
Perzentil nach korrekt beantworteten Fragen
Ihre Resultats-Entwicklung
Sie haben dieses Quiz noch nicht gespielt